Ideme po kvalite

Na trhu s mäsom sa na Slovensku v roku 2015 udialo viacero zmien. K najvýznamnejším určite patria duálne cenovky a snaha obchodovať bez dane z pridanej hodnoty. Napriek zmenám je trh s mäsom stabilizovaný. Nárast záujmu o čerstvé mäso a prémiové výrobky.

Gespeichert in:
Bibliographische Detailangaben
1. Verfasser: Schlosserová, Eva
Format: Buchkapitel
Sprache:Slowakisch
Schlagworte:
Tags: Tag hinzufügen
Keine Tags, Fügen Sie das erste Tag hinzu!

MARC

LEADER 00000naa a2200000 4500
001 0214292
005 20160322090328.0
041 0 |a slo 
044 |a SK 
245 1 0 |a Ideme po kvalite  |c Eva Schlosserová 
520 |a Na trhu s mäsom sa na Slovensku v roku 2015 udialo viacero zmien. K najvýznamnejším určite patria duálne cenovky a snaha obchodovať bez dane z pridanej hodnoty. Napriek zmenám je trh s mäsom stabilizovaný. Nárast záujmu o čerstvé mäso a prémiové výrobky. 
610 2 0 |a mäso 
610 2 0 |a trh 
610 2 0 |a ceny duálne 
610 2 0 |a Slovensko 
100 1 |a Schlosserová, Eva